000 00663nam a2200253Ia 4500
005 20260306145518.0
008 008 260114s9999 xx 000 0 eng d
020 _a9783110631685
037 _aEbook
040 _aCRL
040 _beng
040 _cCRL
041 _2eng
041 _aeng
084 _qCRL
100 _aStrauch, Ingo / Auer, Blain
_91123953
245 0 _aEncountering Buddhism and Islam in Premodern Central and South Asia
260 _bDe Gruyter
260 _c2019
650 _aAsian and Pacific Studies
_91123954
856 _uhttps://www.degruyter.com/isbn/9783110631685
942 _cEBOOK
999 _c1688797
_d1688797